Statistics for celebrity birthdays

Click here to take the quiz!

General Stats

  • This quiz has been taken 5 times
  • The average score is 3 of 5

Answer Stats

celebritybirthday% Correct
taylor swiftdecember 13
100%
meghan trainordecember 22
60%
adelemay 5
60%
Matt Damonoctober 8
40%
dove cameronjanuary 15
40%

Score Distribution

Percentile by Number Answered

Percent of People with Each Score

Your Score History

You have not taken this quiz